000 00602cam a2200217 4500
001 J110024
008 000000n2000 000 0 eng u
035 _a(Sirsi) u110024
050 _a30638
110 _aLondon
_bGreater London Authority
_93989
245 _aHomes for a world city ; the report of the Mayor's Housing Commission.
260 _aLondon
_GLA
_c2000
300 _axvi, 120p. ; 30cm.
650 _aLONDON
650 _aECONOMIC ISSUES
650 _aSPATIAL DEVELOPMENT STRATEGY
650 _aURBAN DEVELOPMENT
690 _aHOUSING
700 _aLivingstone, K.
942 _n0
999 _c101039
_d101039